| 000 | 00938nas a2200301 4500 | ||
|---|---|---|---|
| 001 | BR0200503 | ||
| 003 | BR-BrBNA | ||
| 005 | 20231205102621.0 | ||
| 007 | ta | ||
| 008 | 230509b bl.|||p| |||| 00| 00por d | ||
| 040 |
_aBR-BrBNA _bpor _cBiblioteca Nacional de Agricultura |
||
| 041 | _a(Pt) | ||
| 072 | _aF04; P11 | ||
| 100 | 1 | _aMarchezan, E. | |
| 100 | 1 | _aSegabinazzi, T. | |
| 100 | 1 | _aMarzari, V. | |
| 100 | 1 | _aVilla, S.C.C. | |
| 100 | 1 | _aAvila, E.A. de | |
| 245 | 1 | _aManejo da adubacao do arroz irrigado em sistema pre-germinado na produtividade e perda de nutrientes atraves da agua de drenagem inicial | |
| 650 | _aArroz Irrigado | ||
| 650 | _aAdubacao | ||
| 650 | _aNutriente | ||
| 650 | _aPerda da Producao | ||
| 650 | _aAgua de Drenagem | ||
| 773 | 0 |
_tCiencia Rural (Brazil) _xISSN 0103-8478 _g(Sep-Oct 2001), v. 31(5) p. 877-879 _wBR0200503 |
|
| 909 |
_a202311 _bLúcia _c55 _dLúcia Elande |
||
| 942 |
_2AGRIS _n0 _cANA |
||
| 999 |
_c168459 _d168459 |
||